000
00231nam a2200097Ia 4500
001
655233
005
20250826154533.0
008
250824s9999 xx 000 0 und d
245
0
_a
Ruby Rogers Anlat Bana
_c
Sue Limb
260
_b
ALTIN
999
_c
655233
_d
655233